Autobahn anhand von Anschlussstellen erraten - Statistiken

Allgemein
  • Dieses Quiz wurde 48 mal gespielt
  • Das Durchschnittsergebnis liegt bei 23 aus 30
Antwortstatistiken
Anschlussstellen Nummer % Korrekt
Dreieck Moseltal, Daun, Köln-Niehl 1
100%
Ratingen-Ost, Rodgau, Kreuz Altdorf 3
100%
Bad Nauheim, Heppenheim, Baden-Baden 5
100%
Hamburg-Schnelsen, Dreieck Walsrode, Kempten 7
100%
Kreuz Kerpen, Köln-Klettenberg, Dreieck Kirchheim 4
98%
Zweibrücken-Ernstweiler, Pforzheim-Nord, Dachau/Fürstenfeldbruck 8
98%
Saarbrücken-Goldene Bremm, Mannheim/Schwetzingen, Schwäbisch Hall 6
95%
Dreieck Nuthetal, Berlin-Hohenschönhausen, Dreieck Havelland 10
91%
Mönchhof-Dreieck, Groß-Gerau, Lorsch 67
81%
München-Ludwigsfeld, Kreuz München-Nord, Ottobrunn 99
81%
Kreuz Meckenheim, Koblenz/Dieblich, Speyer 61
79%
Lindau, Wangen-West, Kreuz Memmingen 96
79%
Wiesbaden-Frauenstein, Nordwestkreuz Frankfurt, Hanau-West 66
77%
Heide-Süd, Elmshorn, Halstenbek-Krupunder 23
74%
Dreieck Nonnweiler, Kusel, Pirmasens 62
74%
Osterburken, Ludwigsburg-Nord, Kreuz Hegau 81
74%
Weiden-West, Regensburg-Nord, Dreieck Inntal 93
74%
Lübeck-Süd, Rostock-West, Stralsund 20
72%
Prüm, Dreieck Nahetal, Mainz-Weisenau 60
72%
Dreieck Ludwigshafen-Süd, Haßloch, Kandel-Mitte 65
72%
Westerstede, Oldenburg-Eversten, Dreieck Stuhr 28
70%
Essen-Holsterhausen, Bochum-Wattenscheid, Dortmund-Dorstfeld 40
70%
Kreuz Münster-Süd, Haltern, Witten-Heven 43
70%
Kreuz Mönchengladbach, Kreuz Kaarst, Essen-Kettwig 52
67%
Oldenburg-Hafen, Varel/Bockhorn, Wilhelmshaven 29
65%
Wolfenbüttel-West, Wernigerode-Mitte, Kreuz Bernburg 36
65%
Dreieck Vulkaneifel, Mayen, Bendorf/Neuwied 48
65%
Köln-Rodenkirchen, Wesseling, Kreuz Bonn-Nord 555
49%
Dreieck Funkturm, Kleinmachnow, Dreieck Nuthetal 115
44%
Bad Homburger Kreuz, Frankfurt-Eckenheim, Offenbach-Taunusring 661
40%
Keine übereinstimmenden Quizze gefunden
Verteilung der Resultate
Anzahl Personen mit jedem Resultat
Perzentil nach korrekt beantworteten Fragen
Ihre Resultats-Entwicklung
Sie haben dieses Quiz noch nicht gespielt